[Event "64th ch-RUS HL"]
[Site "Taganrog RUS"]
[Date "2011.06.15"]
[Round "1"]
[White "Kurnosov,I"]
[Black "Bukavshin,I"]
[Result "1-0"]
[WhiteElo "2633"]
[BlackElo "2502"]
[EventDate "2011.06.15"]

1. c4 c5 2. g3 Nc6 3. Bg2 g6 4. Nf3 Bg7 5. Nc3 e5 6. O-O Nge7 7. a3 O-O 8.
b4 e4 9. Ne1 d5 10. bxc5 f5 11. cxd5 Nxd5 12. Bb2 Nxc3 13. Bxc3 Bxc3 14.
Qb3+ Rf7 15. Qxc3 Nd4 16. Qe3 b6 17. d3 Ba6 18. Ra2 Qd5 19. Rd2 Nb3 20. Rb2
Nxc5 21. dxe4 Nxe4 22. Nf3 Re7 23. Ng5 Qe5 24. Rb4 Bb7 25. Nxe4 Bxe4 26.
Bxe4 fxe4 27. Rd1 Rae8 28. a4 Kg7 29. h4 Qf5 30. Rdd4 Re5 31. Rbc4 Qe6 32.
Rc7+ Re7 33. Qc3 Kh6 34. Qe3+ Kg7 35. Qc3 Kh6 36. Rc6 Qf5 37. Qe3+ Kg7 38.
Rcc4 Qe6 39. Kg2 Qf5 40. Rd8 Rc5 41. Qd4+ Kh6 42. Qe3+ Kg7 43. Qc3+ Kh6 44.
Rxc5 bxc5 45. Qe3+ Kg7 46. Rd6 Rc7 47. Qc3+ Kh6 48. Qe3+ Kg7 49. Qc3+ Kh6
50. Qd2+ Kg7 51. Qa5 Re7 52. Qc3+ Kh6 53. Qe3+ Kg7 54. Rc6 h5 55. Rxc5 Qf6
56. Ra5 Qb6 57. Qc3+ Kh7 58. Rb5 Qd6 59. Qc5 Qf6 60. Qg5 Qe6 61. Qd5 Qc8
62. Qd6 Rf7 63. Rg5 Rg7 64. Qd4 Qc2 65. Re5 Qxe2 66. Qxe4 Qxe4+ 67. Rxe4
Rc7 68. Re6 Kg7 69. Rc6 Rf7 70. Re6 Rc7 71. a5 Kh6 72. a6 Kg7 73. Rd6 Rf7
74. Rd8 Kh6 75. Rh8+ Kg7 76. Rb8 Rf5 77. Rb7+ Kf6 78. Rxa7 Ra5 79. Kf3 Ra2
80. Ke3 Ke6 81. Ra8 Kf7 82. Kd4 Kg7 83. Kc5 Rxf2 84. Rb8 Ra2 85. Kb6 Rb2+
86. Kc7 Ra2 87. Rb6 1-0

[Event "64th ch-RUS HL"]
[Site "Taganrog RUS"]
[Date "2011.06.15"]
[Round "1"]
[White "Reshetnikov,Al"]
[Black "Matlakov,M"]
[Result "1/2-1/2"]
[WhiteElo "2487"]
[BlackElo "2632"]
[EventDate "2011.06.15"]

1. d4 Nf6 2. c4 e6 3. Nc3 Bb4 4. e3 c5 5. Bd3 O-O 6. Nge2 d5 7. a3 Bxc3+ 8.
bxc3 dxc4 9. Bxc4 Nc6 10. O-O e5 11. Bb2 Qc7 12. Rc1 Rd8 13. Qc2 b6 14.
Rfd1 Bb7 15. Ba2 Na5 16. dxe5 Be4 17. Qa4 Qxe5 18. Rxd8+ Rxd8 19. Rd1 Rxd1+
20. Qxd1 Bd5 21. Bxd5 Qxd5 22. Qxd5 Nxd5 23. e4 Nc4 24. Bc1 Nc7 25. Kf1 a5
26. Nf4 a4 27. Ke2 f6 28. Kd3 Ne5+ 29. Ke2 Kf7 30. Nd3 Nc4 31. Nb2 Nxb2 32.
Bxb2 b5 33. Bc1 Ke6 34. Kd3 Kd7 35. f4 Kc6 36. g4 Ne8 37. c4 b4 38. Bb2 Nd6
39. Bc1 Kd7 40. Bb2 b3 41. e5 fxe5 42. Bxe5 g6 43. Bxd6 Kxd6 44. Kc3 Ke6
45. Kd3 h5 46. h3 Kf6 47. Ke4 1/2-1/2

[Event "64th ch-RUS HL"]
[Site "Taganrog RUS"]
[Date "2011.06.15"]
[Round "1"]
[White "Savchenko,B"]
[Black "Goganov,A"]
[Result "1-0"]
[WhiteElo "2630"]
[BlackElo "2480"]
[EventDate "2011.06.15"]

1. c4 Nf6 2. Nf3 e6 3. Nc3 Bb4 4. g4 h6 5. a3 Bxc3 6. dxc3 b6 7. a4 a5 8.
Rg1 Bb7 9. Nd4 Ne4 10. Bg2 Qh4 11. Bxe4 Bxe4 12. Bf4 Na6 13. Nb5 d6 14. Qd4
Bg6 15. Nxc7+ Nxc7 16. Qxd6 Qd8 17. Qc6+ Qd7 18. Qxc7 Bc2 19. Qxb6 O-O 20.
Qb5 Qe7 21. Rc1 Bh7 22. g5 hxg5 23. Bxg5 f6 24. Bh6 Rf7 25. Rd1 Rd8 26. c5
Rxd1+ 27. Kxd1 Bf5 28. Kc1 Kh7 29. Be3 Qc7 30. Rd1 Qe5 31. Qc4 Be4 32. Rd6
Bd5 33. Qd3+ f5 34. f4 Qf6 35. Qxd5 exd5 36. Rxf6 gxf6 37. b4 Kg8 38. b5
Kf8 39. b6 1-0

[Event "64th ch-RUS HL"]
[Site "Taganrog RUS"]
[Date "2011.06.15"]
[Round "1"]
[White "Zvjaginsev,V"]
[Black "Danin,A"]
[Result "1-0"]
[WhiteElo "2659"]
[BlackElo "2534"]
[EventDate "2011.06.15"]

1. e4 c6 2. d4 d5 3. e5 Bf5 4. Be3 e6 5. Nd2 Nd7 6. g4 Bg6 7. Ne2 f6 8. f4
Nh6 9. h3 fxe5 10. fxe5 Bb4 11. c3 O-O 12. Nf4 Ba5 13. Bg2 Bf7 14. O-O Bb6
15. Nf3 c5 16. Qd2 Qe7 17. Kh1 cxd4 18. cxd4 Rac8 19. Bf2 g5 20. Nxd5 exd5
21. Be3 Nxg4 22. Bxg5 Qe6 23. hxg4 Qxg4 24. Bh6 Bg6 25. Qg5 Qxg5 26. Nxg5
Rxf1+ 27. Rxf1 Bxd4 28. Bxd5+ Kh8 29. Nf7+ Bxf7 30. Rxf7 Nb6 31. Be6 Rg8
32. Bg7+ 1-0

[Event "64th ch-RUS HL"]
[Site "Taganrog RUS"]
[Date "2011.06.15"]
[Round "1"]
[White "Stukopin,A"]
[Black "Sjugirov,S"]
[Result "0-1"]
[WhiteElo "2471"]
[BlackElo "2629"]
[EventDate "2011.06.15"]

1. e4 c5 2. Nf3 d6 3. d4 cxd4 4. Nxd4 Nf6 5. Nc3 a6 6. Be3 e5 7. Nb3 Be6 8.
Qd2 Be7 9. O-O-O Nbd7 10. f4 b5 11. f5 Bc4 12. g4 Nxg4 13. Rg1 Nxe3 14.
Qxe3 Qb6 15. Qxb6 Nxb6 16. Rxg7 Bf8 17. Rg2 Bh6+ 18. Kb1 Bxf1 19. Rxf1 b4
20. Nd5 Nxd5 21. exd5 Kd7 22. Na5 Rhg8 23. Rfg1 Rxg2 24. Rxg2 Ke7 25. Nc6+
Kf6 26. Nxb4 Kxf5 27. c4 Ke4 28. Rg4+ Bf4 29. Rg7 f5 30. Rd7 Bd2 31. Nc6 f4
32. Kc2 Be3 33. Rxd6 f3 34. Rf6 Bf4 35. Na5 f2 36. Nb3 Ke3 0-1

[Event "64th ch-RUS HL"]
[Site "Taganrog RUS"]
[Date "2011.06.15"]
[Round "1"]
[White "Sakaev,K"]
[Black "Bryzgalin,K"]
[Result "1/2-1/2"]
[WhiteElo "2629"]
[BlackElo "2473"]
[EventDate "2011.06.15"]

1. d4 d5 2. c4 c6 3. Nf3 Nf6 4. Nc3 a6 5. e3 Bf5 6. Bd3 Bxd3 7. Qxd3 e6 8.
O-O Be7 9. e4 dxe4 10. Nxe4 Nbd7 11. Bf4 Nxe4 12. Qxe4 O-O 13. Rfd1 Re8 14.
Rd3 Rc8 15. Qe2 Qa5 16. Bd2 Qf5 17. h3 h6 18. Rd1 Red8 19. Bc1 b5 20. c5
Qd5 21. a3 f6 22. Nh2 Nf8 23. Nf1 Rd7 24. Ng3 Rcd8 25. Nh5 g5 26. h4 Qf5
27. hxg5 hxg5 28. Ng3 Qg6 29. Ne4 Qf5 30. Ng3 Qg6 31. Ne4 Qf5 32. b4 Qg6
33. Bb2 f5 34. Ng3 Rd5 35. Bc1 Bf6 36. Bb2 Kf7 37. Nf1 g4 38. Ne3 R5d7 39.
a4 Qh5 40. Nf1 Ng6 41. Ng3 Qh4 42. d5 cxd5 43. Bxf6 Qxf6 44. axb5 axb5 45.
Ra3 Rh8 46. f3 gxf3 47. Rxf3 Ne5 48. Rf4 Ng6 49. Rf3 Ne5 50. Rf4 1/2-1/2

[Event "64th ch-RUS HL"]
[Site "Taganrog RUS"]
[Date "2011.06.15"]
[Round "1"]
[White "Diu,V"]
[Black "Lysyj,I"]
[Result "1/2-1/2"]
[WhiteElo "2475"]
[BlackElo "2629"]
[EventDate "2011.06.15"]

1. e4 e5 2. Nf3 Nc6 3. Bb5 Nf6 4. O-O Nxe4 5. Qe2 Nd6 6. Bxc6 dxc6 7. Qxe5+
Qe7 8. Qa5 Qd8 9. Qe5+ Qe7 10. Qa5 Qd8 11. Qe5+ Be6 12. Nd4 Qf6 13. Re1
Qxe5 14. Rxe5 Kd7 15. Nxe6 fxe6 16. d3 Be7 17. Nd2 Bf6 18. Re2 a5 19. Ne4
b6 20. Rb1 a4 21. Bd2 c5 22. Bc3 Rhf8 23. Rbe1 Rae8 24. a3 Nb5 25. Nxf6+
gxf6 26. Re4 Nxc3 27. bxc3 b5 28. Rh4 Rh8 29. Rh6 Ke7 30. Kf1 c6 31. Ke2
Reg8 32. g3 Rg6 33. Rh5 Kd6 34. f4 f5 35. Kf3 h6 36. h3 Rhg8 37. Rg1 Rb8
38. Rb1 Rbg8 39. Rg1 Rb8 40. Rb1 Rbg8 41. Rg1 Ke7 42. Rb1 Kd6 1/2-1/2

[Event "64th ch-RUS HL"]
[Site "Taganrog RUS"]
[Date "2011.06.15"]
[Round "1"]
[White "Grachev,B"]
[Black "Kryakvin,D"]
[Result "1-0"]
[WhiteElo "2669"]
[BlackElo "2551"]
[EventDate "2011.06.15"]

1. c4 Nf6 2. Nc3 e5 3. g3 c6 4. d4 exd4 5. Qxd4 d5 6. Nf3 Be7 7. cxd5 cxd5
8. Bg2 Nc6 9. Qa4 O-O 10. Be3 Bd7 11. O-O Re8 12. Qb3 Na5 13. Qd1 Nc4 14.
Bd4 Nxb2 15. Qc2 Nc4 16. Ng5 Na3 17. Qd3 Ne4 18. Nxf7 Kxf7 19. Nxd5 Ng5 20.
Bb2 Nb5 21. Rad1 Bf8 22. h4 Ne6 23. Qxh7 Bd6 24. Rd3 Rh8 25. Rf3+ Bf4 26.
Rxf4+ Nxf4 27. Qxg7+ 1-0

[Event "64th ch-RUS HL"]
[Site "Taganrog RUS"]
[Date "2011.06.15"]
[Round "1"]
[White "Khalifman,A"]
[Black "Sitnikov,D"]
[Result "1-0"]
[WhiteElo "2627"]
[BlackElo "2463"]
[EventDate "2011.06.15"]

1. e4 c5 2. Nf3 Nc6 3. c3 d5 4. exd5 Qxd5 5. d4 Bg4 6. dxc5 Qxc5 7. Be3 Qa5
8. h3 Rd8 9. Nbd2 Bxf3 10. Qxf3 Nf6 11. a4 Nd5 12. Bb5 a6 13. Bxc6+ bxc6
14. Nc4 Qc7 15. O-O e6 16. Bd4 f6 17. Rfe1 Kf7 18. Re4 c5 19. Be5 Qc8 20.
Bg3 Kg8 21. Rd1 h5 22. a5 Qc6 23. Kh1 g6 24. Bd6 1-0

[Event "64th ch-RUS HL"]
[Site "Taganrog RUS"]
[Date "2011.06.15"]
[Round "1"]
[White "Khairullin,I"]
[Black "Kornev,Alexei"]
[Result "1/2-1/2"]
[WhiteElo "2649"]
[BlackElo "2511"]
[EventDate "2011.06.15"]

1. d4 d5 2. c4 c6 3. Nc3 Nf6 4. Nf3 dxc4 5. a4 Bf5 6. e3 e6 7. Bxc4 Bb4 8.
O-O O-O 9. Qe2 Bg6 10. Ne5 Nbd7 11. Nxg6 hxg6 12. Rd1 Qa5 13. Qc2 Rac8 14.
Na2 Bd6 15. e4 e5 16. Bd2 Qc7 17. dxe5 Nxe5 18. Be2 Rfe8 19. g3 Ned7 20.
Nc3 Nc5 21. Bf3 Ne6 22. Ne2 Be5 23. Be3 Rcd8 24. h3 c5 25. Rac1 Rxd1+ 26.
Rxd1 Qb6 27. b3 Bd4 28. Bc1 Nd7 29. Bg4 Ne5 30. Kg2 Nxg4 31. hxg4 Bf6 32.
Be3 Bd4 33. Bc1 Bf6 34. Be3 Bd4 1/2-1/2

[Event "64th ch-RUS HL"]
[Site "Taganrog RUS"]
[Date "2011.06.15"]
[Round "1"]
[White "Lintchevski,D"]
[Black "Timofeev,Arty"]
[Result "1/2-1/2"]
[WhiteElo "2543"]
[BlackElo "2665"]
[EventDate "2011.06.15"]

1. e4 c5 2. Nf3 e6 3. d4 cxd4 4. Nxd4 Nf6 5. Nc3 d6 6. Be3 Be7 7. f4 O-O 8.
Qf3 e5 9. Nf5 Bxf5 10. exf5 Nbd7 11. O-O-O Rc8 12. fxe5 Nxe5 13. Qxb7 Rxc3
14. bxc3 d5 15. Bd3 Ba3+ 16. Kd2 Qd6 17. Qxa7 Nc6 18. Qa4 d4 19. cxd4 Nd5
20. c3 Bb2 21. Rc1 Nxe3 22. Kxe3 Qh6+ 23. Kf3 Bxc1 24. Rxc1 Nxd4+ 25. Qxd4
Qxc1 26. f6 Qd1+ 27. Be2 Qxd4 28. cxd4 Ra8 29. Bc4 Ra4 30. Bb3 Rxd4 31.
fxg7 Kxg7 32. Ke3 Rh4 33. h3 f5 34. Kd3 Kf6 35. a4 Ke5 36. a5 Rb4 37. Kc3
Rb5 38. a6 Ra5 39. Bc4 Kd6 40. Kb4 Ra1 41. Bd3 1/2-1/2

[Event "64th ch-RUS HL"]
[Site "Taganrog RUS"]
[Date "2011.06.15"]
[Round "1"]
[White "Fedoseev,Vl3"]
[Black "Najer,E"]
[Result "0-1"]
[WhiteElo "2506"]
[BlackElo "2643"]
[EventDate "2011.06.15"]

1. e4 e5 2. Nf3 Nc6 3. Bb5 Nf6 4. d3 Bc5 5. c3 O-O 6. Bxc6 bxc6 7. Nxe5 d5
8. Qa4 Bd6 9. d4 Nxe4 10. Qxc6 Rb8 11. O-O Bxe5 12. dxe5 Rb6 13. Qa4 Rg6
14. g3 f6 15. e6 f5 16. f3 Nc5 17. Qxa7 Nxe6 18. Kh1 c5 19. Bf4 Nxf4 20.
gxf4 Qd6 21. Nd2 Qxf4 22. Rad1 Ba6 23. Qxc5 Bxf1 24. Qxd5+ Kh8 25. Nxf1 h5
26. Ng3 Kh7 27. Qd3 Qe5 28. Qd4 Qb5 29. Qf2 h4 30. Nf1 h3 31. Ne3 Re8 32.
Nd5 Qc4 33. b3 Qc6 34. Qh4+ Kg8 35. c4 Qe6 36. Qxh3 Qe2 37. Qf1 Qxa2 38.
Nf4 Rh6 39. Qg2 Qxb3 40. Rg1 Rh7 41. c5 Qf7 42. Qb2 Rh6 43. Qd4 Kh7 44. Qc3
Qc7 45. Rg2 Re5 46. Rc2 Rh4 47. Nd3 Re3 48. c6 Rxf3 49. Qe5 Qd8 50. Ne1 Re4
51. c7 Qd1 0-1

[Event "64th ch-RUS HL"]
[Site "Taganrog RUS"]
[Date "2011.06.15"]
[Round "1"]
[White "Kosintseva,T"]
[Black "Alekseev,Evgeny"]
[Result "0-1"]
[WhiteElo "2559"]
[BlackElo "2673"]
[EventDate "2011.06.15"]

1. e4 e5 2. Nf3 Nc6 3. Bb5 Nf6 4. O-O Nxe4 5. d4 Nd6 6. Bxc6 dxc6 7. dxe5
Nf5 8. Qxd8+ Kxd8 9. Nc3 Ne7 10. Ne4 h6 11. h3 Ng6 12. b3 Ke8 13. Bb2 c5
14. Nfd2 Nf4 15. Kh2 h5 16. Nc4 Bf5 17. f3 Rd8 18. Ne3 Bg6 19. Rad1 Rxd1
20. Rxd1 Bxe4 21. fxe4 Ne6 22. Kg3 Be7 23. Kf3 Bg5 24. Nf5 g6 25. Ne3 Bxe3
26. Kxe3 Ke7 27. Bc3 Rd8 28. Rf1 Rd7 29. Bb2 b6 30. Bc3 Ke8 31. Bb2 b5 32.
g4 hxg4 33. hxg4 Rd8 34. Rh1 Ke7 35. Bc3 Nd4 36. Bxd4 cxd4+ 37. Kf4 c5 38.
Rh3 c4 39. bxc4 bxc4 40. Rh1 d3 41. cxd3 cxd3 42. Ke3 d2 43. Rd1 Ke6 0-1

[Event "64th ch-RUS HL"]
[Site "Taganrog RUS"]
[Date "2011.06.15"]
[Round "1"]
[White "Shomoev,A"]
[Black "Potkin,V"]
[Result "1/2-1/2"]
[WhiteElo "2566"]
[BlackElo "2682"]
[EventDate "2011.06.15"]

1. e4 e6 2. d4 d5 3. Nc3 Nf6 4. e5 Nfd7 5. f4 c5 6. Nf3 Nc6 7. Be3 a6 8.
Qd2 b5 9. dxc5 Bxc5 10. Ne2 b4 11. Bxc5 Nxc5 12. Ned4 Nxd4 13. Qxd4 Qb6 14.
Nd2 Rb8 15. Nb3 Na4 16. O-O-O O-O 17. a3 a5 18. Qxb6 Rxb6 19. Rd4 Bd7 20.
axb4 axb4 21. Bd3 Rc8 22. Kb1 h5 23. Be2 g6 24. g3 Kg7 25. h4 Bb5 26. Bxb5
Rxb5 27. Rhd1 Nb6 28. Nd2 Na4 29. Nb3 Nb6 30. Nd2 Na4 1/2-1/2

[Event "64th ch-RUS HL"]
[Site "Taganrog RUS"]
[Date "2011.06.15"]
[Round "1"]
[White "Kobalia,M"]
[Black "Evdokimov,Alexa"]
[Result "1/2-1/2"]
[WhiteElo "2679"]
[BlackElo "2561"]
[EventDate "2011.06.15"]

1. e4 c6 2. d4 d5 3. exd5 cxd5 4. c4 Nf6 5. Nc3 g6 6. Qb3 Bg7 7. cxd5 O-O
8. Nge2 a5 9. Nf4 a4 10. Nxa4 g5 11. Nd3 Nxd5 12. Nc3 e6 13. Be2 Nc6 14.
Be3 Nxd4 15. Bxd4 Bxd4 16. O-O Nxc3 17. bxc3 Bg7 18. Rac1 Qc7 19. Bf3 Ra7
20. c4 Bd7 21. c5 Rc8 22. Nb4 Ba4 23. Qe3 Qe5 24. Qxe5 Bxe5 25. Nd3 Bf6 26.
Rb1 Rc7 27. Rfc1 Be7 28. h3 Be8 29. Rb3 f6 30. Be4 Bf7 31. Rcb1 Bg6 32.
Bxg6 hxg6 33. Kf1 Kf7 34. f3 e5 35. R1b2 Ke6 36. Ke2 Kd7 37. Rb5 Kc8 38.
Rc2 Kd7 39. Nb4 Ke6 40. Rb6+ Kf7 41. Rb5 Ke6 42. Rb6+ Kf7 43. Rb5 Ke6
1/2-1/2

[Event "64th ch-RUS HL"]
[Site "Taganrog RUS"]
[Date "2011.06.15"]
[Round "1"]
[White "Grigoriants,S RUS"]
[Black "Inarkiev,E"]
[Result "1/2-1/2"]
[WhiteElo "2562"]
[BlackElo "2679"]
[EventDate "2011.06.15"]

1. Nf3 Nf6 2. c4 g6 3. Nc3 Bg7 4. g3 O-O 5. Bg2 Nc6 6. O-O d6 7. Rb1 a5 8.
a3 Bf5 9. d3 Qd7 10. b4 axb4 11. axb4 e5 12. b5 Nd4 13. Nxd4 exd4 14. Nd5
Nxd5 15. Bxd5 c6 16. bxc6 bxc6 17. Bf3 Bg4 18. e3 h5 19. exd4 Bxd4 20. Bb2
Bxb2 21. Rxb2 Ra3 22. Bxg4 hxg4 23. Re2 Re8 24. Rxe8+ Qxe8 25. Re1 Qd7 26.
Re4 f5 27. Re1 Ra2 28. Qc1 Qa7 29. Qf4 Ra1 30. Rxa1 Qxa1+ 31. Kg2 Qe5 32.
Qg5 Kg7 33. Qd8 c5 34. Qd7+ Kh6 35. Qd8 Kg7 36. Qd7+ Kh6 37. Qd8 Kg7
1/2-1/2

[Event "64th ch-RUS HL"]
[Site "Taganrog RUS"]
[Date "2011.06.15"]
[Round "1"]
[White "Airapetian,G"]
[Black "Romanov,E"]
[Result "0-1"]
[WhiteElo "2460"]
[BlackElo "2624"]
[EventDate "2011.06.15"]

1. d4 Nf6 2. Nf3 e6 3. c4 c5 4. Nc3 cxd4 5. Nxd4 a6 6. a3 Qc7 7. Bg5 Be7 8.
e3 d6 9. Rc1 O-O 10. Be2 Nbd7 11. O-O Ne5 12. f4 Ng6 13. b4 h6 14. Bxf6
Bxf6 15. Ne4 Be7 16. f5 Ne5 17. f6 gxf6 18. Nxf6+ Bxf6 19. Rxf6 Kg7 20. Rf1
Qe7 21. c5 d5 22. Nf3 Ng6 23. Qd4+ Qf6 24. Qxf6+ Kxf6 25. Nh4+ Kg7 26. Nxg6
Kxg6 27. Bd3+ Kg7 28. e4 Bd7 29. exd5 exd5 30. Rce1 Rae8 31. Kf2 f5 32. Re3
f4 33. Rxe8 Rxe8 34. Rd1 Kf6 35. Kf3 Ke5 36. Bb1 Bc6 37. Bh7 d4+ 38. Kf2
Kd5 39. Bg6 Re3 40. g3 fxg3+ 41. hxg3 Kc4 42. Bf7+ Kc3 43. Bh5 Rd3 0-1

[Event "64th ch-RUS HL"]
[Site "Taganrog RUS"]
[Date "2011.06.15"]
[Round "1"]
[White "Lastin,A"]
[Black "Shukh,N"]
[Result "1/2-1/2"]
[WhiteElo "2617"]
[BlackElo "2438"]
[EventDate "2011.06.15"]

1. e4 e5 2. Nf3 Nc6 3. Bb5 a6 4. Ba4 Nf6 5. O-O Be7 6. d3 b5 7. Bb3 O-O 8.
Nbd2 d6 9. c3 Be6 10. d4 Bxb3 11. Qxb3 exd4 12. cxd4 d5 13. e5 Ne4 14. Re1
f5 15. a4 Bb4 16. axb5 Nxd2 17. Bxd2 Bxd2 18. Nxd2 Nxd4 19. Qd3 Nxb5 20.
Nb3 c6 21. Rac1 Qe8 22. f4 a5 23. e6 a4 24. Nc5 Rf6 25. Qe3 a3 26. Nd7 Rg6
27. bxa3 Rxa3 28. Qe5 Ra2 29. g3 Rh6 30. e7 Rhxh2 31. Qe6+ Kh8 32. Qxf5
Rag2+ 33. Kf1 Rf2+ 34. Kg1 Rhg2+ 35. Kh1 Rh2+ 36. Kg1 Rfg2+ 1/2-1/2

[Event "64th ch-RUS HL"]
[Site "Taganrog RUS"]
[Date "2011.06.15"]
[Round "1"]
[White "Sek,K"]
[Black "Volkov,Sergey1"]
[Result "0-1"]
[WhiteElo "2432"]
[BlackElo "2615"]
[EventDate "2011.06.15"]

1. e4 e6 2. d4 d5 3. Nd2 Nf6 4. e5 Nfd7 5. Bd3 c5 6. c3 Nc6 7. Ne2 cxd4 8.
cxd4 f6 9. exf6 Nxf6 10. O-O Bd6 11. Nf3 O-O 12. Bf4 Bxf4 13. Nxf4 Ne4 14.
Qc1 Ng5 15. Nxg5 Qxg5 16. Ne2 Qf6 17. Qc5 Bd7 18. f4 g6 19. Rae1 Rf7 20. b4
b6 21. Qc3 a5 22. b5 Nb4 23. Qd2 Nxd3 24. Qxd3 a4 25. g3 Ra5 26. Nc3 Rf8
27. Rc1 Raa8 28. Nd1 Ra5 29. Nc3 a3 30. h4 Qf5 31. Qf3 Bxb5 32. Nxb5 Rxb5
33. Qxa3 Qh3 0-1

[Event "64th ch-RUS HL"]
[Site "Taganrog RUS"]
[Date "2011.06.15"]
[Round "1"]
[White "Landa,K"]
[Black "Balashov,Y"]
[Result "1-0"]
[WhiteElo "2613"]
[BlackElo "2426"]
[EventDate "2011.06.15"]

1. d4 e6 2. c4 f5 3. g3 Nf6 4. Bg2 Bb4+ 5. Nc3 O-O 6. Qb3 Qe7 7. a3 Bxc3+
8. Qxc3 d6 9. b4 a5 10. b5 Nbd7 11. Bb2 Re8 12. Nf3 Ne4 13. Qc2 Ndf6 14.
O-O b6 15. Ne1 Bd7 16. f3 Ng5 17. Nd3 Nf7 18. c5 e5 19. dxe5 dxe5 20. c6
Bc8 21. a4 h5 22. Rae1 h4 23. gxh4 Nh5 24. f4 e4 25. Ne5 Qxh4 26. Qc3 Be6
27. Qh3 Qxh3 28. Bxh3 Rad8 29. Nxf7 Kxf7 30. Be5 Re7 31. Rd1 Rh8 32. Kg2
Nf6 33. Rd4 Nd5 34. Rxd5 Bxd5 35. Bxf5 Rhe8 36. Bd7 Rd8 37. Bxc7 Rdxd7 38.
cxd7 Rxd7 39. Bxb6 Bb3 40. Bxa5 Bxa4 41. Rb1 Rb7 42. b6 Bd7 43. Kf2 Ke6 44.
Ke3 Bc6 45. Bc3 g6 46. Be5 Rh7 47. h4 Bb7 48. Rd1 1-0

[Event "64th ch-RUS HL"]
[Site "Taganrog RUS"]
[Date "2011.06.15"]
[Round "1"]
[White "Rodin,D"]
[Black "Frolyanov,D"]
[Result "0-1"]
[WhiteElo "2404"]
[BlackElo "2599"]
[EventDate "2011.06.15"]

1. e4 c5 2. Nf3 d6 3. d4 cxd4 4. Nxd4 Nf6 5. Nc3 a6 6. Be3 e5 7. Nf3 Be7 8.
Bc4 O-O 9. O-O Be6 10. Bb3 b5 11. Re1 Nc6 12. Bg5 Nd7 13. Bxe7 Qxe7 14. Nd5
Qd8 15. c3 Nc5 16. Bc2 Ne7 17. b4 Nd7 18. a4 Bxd5 19. exd5 Nf6 20. Ng5 Rc8
21. axb5 axb5 22. Qd3 g6 23. Bb3 Qc7 24. Rac1 Qb7 25. Qh3 Kg7 26. Ne4 Nxe4
27. Rxe4 Nxd5 28. Rh4 Nf6 29. Rd1 Rfd8 30. g4 g5 31. Rh6 Qe4 32. Rxf6 Kxf6
33. Bd5 Rxc3 34. Bxe4 Rxh3 35. Rd5 h5 36. gxh5 Rh4 37. f3 g4 38. Rxb5 gxf3
39. Bxf3 Rg8+ 0-1

[Event "64th ch-RUS HL"]
[Site "Taganrog RUS"]
[Date "2011.06.15"]
[Round "1"]
[White "Galkin,A"]
[Black "Mikhailov,Se1"]
[Result "1-0"]
[WhiteElo "2598"]
[BlackElo "2399"]
[EventDate "2011.06.15"]

1. c4 e5 2. Nc3 Nc6 3. Nf3 Nf6 4. e3 d5 5. cxd5 Nxd5 6. Qc2 Nf6 7. a3 Bd6
8. b4 O-O 9. Bb2 a6 10. Be2 h6 11. O-O Re8 12. d3 Bf5 13. Nd2 Ne7 14. Rfd1
c6 15. h3 Rc8 16. Nc4 Bb8 17. Ne4 Ng6 18. Nc5 Qe7 19. e4 Be6 20. Bf1 Bxc4
21. dxc4 Nf4 22. Nb3 Ne6 23. c5 Bc7 24. Re1 Rcd8 25. Nd2 Nd4 26. Qc3 Nh7
27. Nc4 Nf8 28. Rad1 Nfe6 29. Rd2 Rd7 30. Qe3 Red8 31. Kh1 Qf6 32. Rc1 Qe7
33. g3 Qf6 34. Bg2 Nb5 35. Rxd7 Rxd7 36. h4 Nbd4 37. Bh3 Rd8 38. Bg2 Rd7
39. Rf1 h5 40. Bh3 Rd8 41. Rd1 g6 42. Rd2 Qe7 43. Bxe6 Qxe6 44. Nxe5 Bxe5
45. Bxd4 Bxd4 46. Rxd4 Rxd4 47. Qxd4 Qb3 48. Qd8+ Kg7 49. e5 Qb1+ 50. Kh2
Qe4 51. Qd7 Kg8 52. e6 Qxe6 53. Qxb7 Qa2 54. Qxc6 Qxa3 55. Qe8+ Kg7 56.
Qe5+ Kh7 57. Qf4 Kg8 58. Qd4 Qf3 59. Kg1 Qb7 60. Qd8+ Kg7 61. Qb6 Qe4 62.
c6 Qe1+ 63. Kh2 Qc3 64. c7 1-0

[Event "64th ch-RUS HL"]
[Site "Taganrog RUS"]
[Date "2011.06.15"]
[Round "1"]
[White "Musalov,R"]
[Black "Yemelin,V"]
[Result "1-0"]
[WhiteElo "2399"]
[BlackElo "2584"]
[EventDate "2011.06.15"]

1. e4 c5 2. c4 Nc6 3. Nc3 g6 4. g3 Bg7 5. Bg2 e6 6. Nge2 Nge7 7. O-O O-O 8.
d3 d6 9. Rb1 b6 10. Be3 Nd4 11. f4 Bb7 12. b4 Qd7 13. Bf2 Rad8 14. Nxd4
cxd4 15. Ne2 e5 16. Qb3 Kh8 17. c5 d5 18. exd5 bxc5 19. bxc5 Bxd5 20. Bxd5
Nxd5 21. fxe5 Qg4 22. Nxd4 Nf4 23. Be3 Bxe5 24. Rxf4 Bxf4 25. Bxf4 Rxd4 26.
Qc3 1-0

[Event "64th ch-RUS HL"]
[Site "Taganrog RUS"]
[Date "2011.06.15"]
[Round "1"]
[White "Mokshanov,A"]
[Black "Ponkratov,P"]
[Result "0-1"]
[WhiteElo "2393"]
[BlackElo "2582"]
[EventDate "2011.06.15"]

1. e4 e6 2. d4 d5 3. e5 c5 4. c3 Nc6 5. Nf3 Bd7 6. Be2 f6 7. exf6 Nxf6 8.
O-O Qb6 9. Qb3 Qc7 10. Bg5 Bd6 11. Bh4 O-O 12. Bg3 Bxg3 13. hxg3 Ne4 14.
Na3 Rxf3 15. Bxf3 Nd2 16. Qd1 Nxf1 17. Kxf1 cxd4 18. cxd4 Qb6 19. Nc2 Qxb2
20. Be2 Nd8 21. Ne3 Ba4 22. Rb1 Qxa2 23. Qc1 Bd7 24. Ra1 Rc8 25. Qe1 Qb2
26. Rxa7 Qxd4 27. Ra1 Nf7 28. Kg1 Qc5 29. Rb1 Bc6 30. Bd3 Re8 31. Rc1 Qd6
32. Rd1 d4 33. Bb1 Qe5 34. Nc2 Qxe1+ 35. Rxe1 e5 36. f4 d3 37. Nb4 d2 38.
Rd1 exf4 0-1

[Event "64th ch-RUS HL"]
[Site "Taganrog RUS"]
[Date "2011.06.16"]
[Round "2"]
[White "Alekseev,Evgeny"]
[Black "Landa,K"]
[Result "1/2-1/2"]
[WhiteElo "2673"]
[BlackElo "2613"]
[EventDate "2011.06.15"]

1. e4 e5 2. Bc4 Nf6 3. d3 c6 4. Nf3 d5 5. Bb3 Bb4+ 6. c3 Bd6 7. O-O O-O 8.
Re1 Nbd7 9. Nbd2 h6 10. Nf1 Re8 11. Ng3 Bf8 12. d4 dxe4 13. Nxe5 Nxe5 14.
dxe5 Qxd1 15. Rxd1 Ng4 16. Nxe4 Nxe5 17. Nd6 Rd8 18. Nxc8 Rxd1+ 19. Bxd1
Rxc8 20. Be2 Bc5 21. Bf4 Re8 22. Kf1 g5 23. Bd2 Rd8 24. Rd1 Rd6 25. b4 Bb6
26. Be1 Rxd1 27. Bxd1 Nd3 28. Bg4 Nxe1 29. Kxe1 Bc7 30. h3 Kg7 31. Bc8 b6
32. Bb7 c5 33. bxc5 bxc5 34. Ke2 Kf6 35. Bd5 Ke7 36. Kd3 f5 37. Bb7 Be5 38.
Bc8 Kf6 39. g4 fxg4 40. hxg4 Ke7 1/2-1/2

[Event "64th ch-RUS HL"]
[Site "Taganrog RUS"]
[Date "2011.06.16"]
[Round "2"]
[White "Volkov,Sergey1"]
[Black "Grachev,B"]
[Result "1/2-1/2"]
[WhiteElo "2615"]
[BlackElo "2669"]
[EventDate "2011.06.15"]

1. d4 d5 2. c4 c6 3. cxd5 cxd5 4. Nc3 Nf6 5. Bf4 Nc6 6. e3 e6 7. Bd3 Be7 8.
h3 O-O 9. Nf3 Nb4 10. Bb1 Bd7 11. O-O Rc8 12. Qe2 Qb6 13. a3 Rxc3 14. bxc3
Bb5 15. Qb2 Bxf1 16. Kxf1 Qa6+ 17. Kg1 Nc6 18. a4 Rc8 19. Bd3 Qb6 20. Qxb6
axb6 21. Rb1 Na5 22. Rxb6 Rxc3 23. Rb5 Bd8 24. Ne5 h6 25. g4 b6 26. Rb2 Nc4
27. Rc2 Rxc2 28. Bxc2 Nxe5 29. Bxe5 Ne8 30. e4 dxe4 31. Bxe4 Bc7 32. Bc6 f6
33. Bxe8 fxe5 34. dxe5 Bxe5 35. Kg2 Kf8 36. Bb5 Ke7 37. Be2 Bd6 38. Bb5 Be5
39. Be2 Bd6 40. Bb5 Bc5 1/2-1/2

[Event "64th ch-RUS HL"]
[Site "Taganrog RUS"]
[Date "2011.06.16"]
[Round "2"]
[White "Frolyanov,D"]
[Black "Zvjaginsev,V"]
[Result "1/2-1/2"]
[WhiteElo "2599"]
[BlackElo "2659"]
[EventDate "2011.06.15"]

1. e4 e5 2. Nf3 Nc6 3. Bb5 f5 4. Nc3 fxe4 5. Nxe4 Nf6 6. Nxf6+ Qxf6 7. Qe2
Be7 8. Bxc6 bxc6 9. Qxe5 O-O 10. O-O d6 11. Qxf6 Bxf6 12. d3 Re8 13. Re1
Rxe1+ 14. Nxe1 Be6 15. Kf1 c5 16. Nf3 c4 17. Ng5 Bf5 18. Ne4 cxd3 19. Nxf6+
gxf6 20. cxd3 Bxd3+ 21. Ke1 Be4 22. f3 Bd5 23. Be3 Kf7 24. Rc1 c5 25. Bf4
Ke6 26. Rd1 a5 27. Kf2 Ra6 28. Re1+ Kd7 29. Bd2 Bxa2 30. Ra1 Bb3 31. Rxa5
Rxa5 32. Bxa5 Ke6 33. Bb6 Bc4 34. Ke3 f5 35. g4 fxg4 36. fxg4 Bb3 37. h4
Bd1 38. g5 Bh5 39. Kd3 Bg4 40. Kc3 Kd5 41. b4 cxb4+ 1/2-1/2

[Event "64th ch-RUS HL"]
[Site "Taganrog RUS"]
[Date "2011.06.16"]
[Round "2"]
[White "Ponkratov,P"]
[Black "Kurnosov,I"]
[Result "0-1"]
[WhiteElo "2582"]
[BlackElo "2633"]
[EventDate "2011.06.15"]

1. Nf3 Nf6 2. c4 g6 3. Nc3 d5 4. Qa4+ Bd7 5. Qb3 dxc4 6. Qxc4 a6 7. e4 b5
8. Qe2 c5 9. e5 Nh5 10. Ne4 Nc6 11. Nxc5 Bf5 12. d3 Rc8 13. Be3 Bg7 14. Qd2
Nxe5 15. Nxe5 Bxe5 16. Nxa6 O-O 17. Nb4 Qd6 18. d4 Bxh2 19. Bxb5 Be4 20.
Kf1 Bf4 21. a3 e5 22. Be2 Nf6 23. Rd1 Rfd8 24. Rh4 Bxe3 25. Qxe3 exd4 26.
Qf4 Qe6 27. Bg4 Nxg4 28. Rxg4 Bf5 29. Rh4 d3 30. Kg1 d2 31. Kh2 Qd6 32.
Qxd6 Rxd6 33. Kg3 Rc1 34. Rhh1 Rxd1 35. Rxd1 Be6 36. Kf3 Bb3 37. Ke2 Re6+
0-1